Relatos breves / Manuel Lago ; dirección: A. Fuentes A. Fuentes
Descripción Física:
37 p. : il. ; 21 cm
Materias:
Contes
MARC
| LEADER | 00000nam a2200000Ia 4500 | ||
|---|---|---|---|
| 001 | 21238 | ||
| 008 | 160829s9999 xx 000 0 cat d | ||
| 080 | |a FU-33-37 | ||
| 100 | |a Lago, Manuel |9 40890 | ||
| 245 | |a Relatos breves / Manuel Lago ; dirección: |b A. Fuentes | ||
| 260 | |a Barcelona : |b Casa de Ceuta en Barcelona, [s.a.] | ||
| 300 | |a 37 p. : |b il. ; |c 21 cm | ||
| 490 | |a Cuadernos de la Casa de Ceuta. Colección Narrativa ; 3 | ||
| 650 | |a Contes |9 49567 | ||
| 700 | |a Casa de Ceuta Virgen de Africa en Barcelona Fuentes León, Antonio, dir. |9 40892 | ||
| 901 | |a Arxiu | ||
| 942 | |n 1 | ||
| 952 | |0 0 |1 0 |4 0 |6 FU3337 |7 1 |9 49949 |a Arxiu |b Arxiu |d 2016-12-01 |l 0 |o FU-33-37 |p 21238 |r 2016-12-01 00:00:00 |w 2016-12-01 |y ARXIU | ||
| 999 | |c 53791 |d 53791 | ||